000 00286nam a2200109Ia 4500
008 220204s9999 xx 000 0 und d
082 _a301.185
_bMOR
100 _aMorgan, D M J
245 0 _aSocial theory and the family
260 _aLondon
_bRoutledge and Kegan paul
_c1975
942 _cBK
999 _c29204
_d29204